| 000 | 00429nam a22001577a 4500 | ||
|---|---|---|---|
| 999 |
_c40886 _d40886 |
||
| 003 | OSt | ||
| 005 | 20200723143750.0 | ||
| 008 | 200723b ||||| |||| 00| 0 eng d | ||
| 040 | _coclc | ||
| 082 |
_a954 _bTHA/H |
||
| 100 | _aThapar, Romila | ||
| 245 |
_aA History Of India / _cRomila Thapar |
||
| 260 |
_aEngland: _bPenguin Books, _c1982. |
||
| 300 | _a280p | ||
| 942 |
_cBK _2ddc _h954 _iTHA/H _k954 _mTHA/H |
||